Statistiche per Cognomi più diffusi in Lombardia

Clicka qui per fare il quiz!

Statistiche generali

  • Questo quiz è stato fatto 8 volte
  • Il punteggio medio è 4 su 17

Statistiche sulle risposte

Cognome% Corretto
Bianchi
100%
Rossi
100%
Colombo
67%
Brambilla
33%
Milani
33%
Corti
17%
Fumagalli
17%
Villa
17%
Cattaneo
0%
Ferrari
0%
Gilardi
0%
Panzeri
0%
Pirola
0%
Riva
0%
Sabadini
0%
Sala
0%
Tettamanti
0%

Distribuzione punteggi

Percentile per numero di risposta

Percentuale di utenti per punteggio

I tuoi punteggi nel tempo

Non hai fatto questo quiz